Troye Sivan Charting Songs (Billboard Hot 100) - Statistics

General Stats
  • This quiz has been taken 64 times
    21 since last reset
  • The average score is 6 of 9
Answer Stats
Album Weeks On Peak Artist(s) Song % Correct
Something to Give Each Other 2 Weeks #77 Troye Sivan Rush
88%
Non-Album Single 11 Weeks #58 DJ Regard, Troye Sivan & Tate McRae You
88%
Brat and it's completely different but also still brat 1 Week #74 Charli XCX ft. Troye Sivan Talk talk
75%
Blue Neighbourhood 18 Weeks #23 Troye Sivan YOUTH
75%
Something to Give Each Other 1 Week #79 Troye Sivan One of Your Girls
69%
How I'm Feeling 6 Weeks #81 Lauv & Troye Sivan i'm so tired...
63%
Bloom 1 Week #80 Troye Sivan My My My!
56%
Non-Album Single 1 Week #94 Martin Garrix & Troye Sivan There For You
50%
TRXYE 1 Week #92 Troye Sivan Happy Little Pill
44%
No matching quizzes found
Score Distribution
Percent of People with Each Score
Percentile by Number Answered
Your Score History
You have not taken this quiz since the last reset